[Event "Scarborough CC-ch Reserves U1700"]
[Site "Toronto"]
[Date "2010.03.04"]
[Round "2"]
[White "Orsini, Mike"]
[Black "Smith, Maurice"]
[Result "0-1"]
[WhiteElo "1346"]
[BlackElo "1639"]
[PlyCount "90"]
[EventDate "2010.02.25"]
[EventType "swiss"]
[EventRounds "9"]
[EventCountry "CAN"]
[SourceTitle "EXT 2022"]
[Source "ChessBase"]
[SourceDate "2021.10.06"]
[SourceVersion "1"]
[SourceVersionDate "2021.10.06"]
[SourceQuality "1"]

1. Nf3 d5 2. g3 c5 3. Bg2 Nc6 4. d3 Nf6 5. Nbd2 e5 6. 0-0 Bd6 7. Re1 0-0 8. e4 dxe4 9. Nxe4 Nxe4 10. dxe4 Bg4 11. c3 h6 12. Qa4 Qc7 13. Nd2 a6 14. f3 b5 15. Qc2 Be6 16. b3 Rac8 17. Bb2 Na5 18. Nf1 c4 19. b4 Nc6 20. a4 Qb6+ 21. Kh1 Rfd8 22. a5 Qa7 23. Bc1 Bf8 24. Be3 Qb7 25. Bb6 Rd3 26. Ne3 Rd7 27. Rad1 Bd6 28. Nd5 Ne7 29. Nxe7+ Bxe7 30. Rxd7 Bxd7 31. Rd1 Be6 32. f4 f6 33. f5 Bf7 34. Rd2 Bh5 35. h3 Be8 36. Qd1 Bc6 37. g4 Qa8 38. Qe2 Qb7 39. h4 Qa8 40. Qe3 Bd8 41. Bc5 Bc7 42. g5 Rd8 43. gxh6 Rxd2 44. Qg3 Rxg2 45. h7+ Kh8 0-1